01698nam a2200241Ia 4500001000600000003000900006008004100015040001300056040001300069041001300082100001800095100002900113245007600142245007200218250001100290260000900301260001200310260004900322300005700371500098200428650001501410650003101425F6812IT-RoPAU130308s9999 xx 000 0 und d aIT-RoPAU cIT-RoPAU aITALIANO aSalamone Nino gCodice Aut. SPICS: 52507 aPostmodernità: quotidiano e orizzonte nella società contemporanea  bPostmodernita': quotidiano e Orizzonte nella Societa' Contemporanea a1a ed. aROMA bCarocci c1999 [1° Ed.:1999 - Ed.Ling.Originale:1999] a"284 p. (prefazione: no ; testo: 284 [pagine: 0-0])" aRassegna di Tutta la Vastissima gamma dei Fenomeni che Costituiscono le peculiari caratteristiche della Odierna Societa': Globalizzazione, Audiovisivo, tecnologie Informatiche... nozione di Postmodernità, Scenario. Contemporaneità Come Postmodernita': Società Postcapitalista e Postindustriale?, piano delle Culture, Destino delle Grandi Narrazioni, Modernità Esplosa e Radicale, Tardo Capitalismo. classici e Postmodernita': Crisi del Barocco, promesse della Modernità, Simmel e la Metropoli. Perche' Non possiamo Dirci Moderni: pragma e Orizzonte, globalizzazione e Stato Nazionale, Fra Statoe mercato Globale, Metamorfosi dell'Impresa, Imprenditorialismo, Ideologiae Manipolazione. Soggetto e Razionalita': Coscienza collettiva e falsa Coscienza, scelta Razionale in Condizioni di Razionalità Limitata, Autonomia della Persona. fino Ai Confini dell'Io: Io Sono Io, Corpo, Anima, Noi, Carne, plastica e Silicio. Esperienza, Memoria e Quotidianità. Bibliografia. aSOCIOLOGIA eCodice materia Spics: 3651